ABC từ ngữ ngoại thương Anh - Việt chuyên dùng

محفوظ في:
التفاصيل البيبلوغرافية
المؤلف الرئيسي: Hà Nam
التنسيق: كتاب
اللغة:Undetermined
منشور في: Thành phố Hồ Chí Minh Nxb. Thành phố Hồ Chí Minh 2000
الموضوعات:
الوسوم: إضافة وسم
لا توجد وسوم, كن أول من يضع وسما على هذه التسجيلة!
Thư viện lưu trữ: Trung tâm Học liệu Trường Đại học Cần Thơ
LEADER 00598nam a2200193Ia 4500
001 CTU_39780
008 210402s9999 xx 000 0 und d
020 |c 35000 
082 |a 382.03 
082 |b H100 
100 |a Hà Nam 
245 0 |a ABC từ ngữ ngoại thương Anh - Việt chuyên dùng 
245 0 |c Hà Nam 
260 |a Thành phố Hồ Chí Minh 
260 |b Nxb. Thành phố Hồ Chí Minh 
260 |c 2000 
650 |a International finance,International trade 
904 |i Minh, 001205 
980 |a Trung tâm Học liệu Trường Đại học Cần Thơ